000
00314cam a22001217a 4500
008
180718b1993 xxu||||| |||| 00| 0 eng d
082
_a
K12x54 K179
100
_a
Kaw, M.K.
245
_a
Bureaucrazy: IAS unmasked
_c
by M.K. Kaw
260
_a
Delhi
_b
Konark
_c
1993
300
_a
154p.
650
_a
Civil service --India
999
_c
437956
_d
437956